[Event "Cologne-ch"]
[White "Wissmann, Sascha"]
[Black "Kartsev, Soel"]
[Site "Cologne"]
[Round "5"]
[Result "1/2-1/2"]
[Date "2006.03.18"]
[WhiteElo "1962"]
[BlackElo "2262"]
[PlyCount "138"]
[EventDate "2006.02.27"]
[EventType "swiss"]
[EventRounds "7"]
[EventCountry "GER"]
[SourceTitle "EXT 2007"]
[Source "ChessBase"]
[SourceDate "2006.11.23"]
[SourceVersion "1"]
[SourceVersionDate "2006.11.23"]
[SourceQuality "1"]

1. e4 c5 2. Nf3 d6 3. d4 cxd4 4. Nxd4 Nf6 5. f3 e5 6. Nb3 Be6 7. Nc3 a6 8. Be3 Be7 9. Nd5 Nbd7 10. g4 0-0 11. Qd2 Bxg4 12. fxg4 Nxe4 13. Qa5 Bh4+ 14. Ke2 b6 15. Qb4 Ndf6 16. Nxf6+ Nxf6 17. g5 Qc8 18. Qxh4 Qxc2+ 19. Nd2 Nd5 20. Bg2 Nxe3 21. Bxa8 Rxa8 22. Kxe3 d5 23. Qb4 Qf5 24. h4 d4+ 25. Ke2 Qg4+ 26. Kf2 Qf4+ 27. Kg2 a5 28. Qb3 Qxd2+ 29. Kh3 d3 30. Rhf1 Qe3+ 31. Kg2 Qe4+ 32. Kg3 Qg6 33. Qd5 Re8 34. Rae1 h6 35. Rxe5 Rxe5 36. Qxe5 d2 37. Qe8+ Kh7 38. Qd7 hxg5 39. Qxd2 gxh4+ 40. Kxh4 f6 41. Qd5 Kh6 42. Rg1 Qe8 43. Qf5 g5+ 44. Kg4 Qe2+ 45. Kg3 Qe3+ 46. Kg2 Qe2+ 47. Qf2 Qe4+ 48. Kh2 Qe5+ 49. Rg3 b5 50. Kg1 Kg6 51. Rf3 b4 52. Qc2+ Kg7 53. Rf5 Qd4+ 54. Kf1 a4 55. Rc5 Qf4+ 56. Ke2 Kh6 57. Rc7 Qh2+ 58. Ke3 Qf4+ 59. Ke2 Qh2+ 60. Kd1 Qg1+ 61. Kd2 Qf2+ 62. Kc1 Qf1+ 63. Kd2 Qf4+ 64. Kd1 Qf1+ 65. Kd2 Qf4+ 66. Ke2 Qh2+ 67. Kf1 Qh1+ 68. Ke2 Qg2+ 69. Kd3 Qg3+ 1/2-1/2

[Event "Cologne-ch"]
[White "Hess, Christian1"]
[Black "Wissmann, Sascha"]
[Site "Cologne"]
[Round "4"]
[Result "1-0"]
[Date "2006.03.11"]
[WhiteElo "2119"]
[BlackElo "1962"]
[PlyCount "73"]
[EventDate "2006.02.27"]
[EventType "swiss"]
[EventRounds "7"]
[EventCountry "GER"]
[SourceTitle "EXT 2007"]
[Source "ChessBase"]
[SourceDate "2006.11.23"]
[SourceVersion "1"]
[SourceVersionDate "2006.11.23"]
[SourceQuality "1"]

1. e4 e5 2. Nc3 Nf6 3. f4 d5 4. Nf3 dxe4 5. Nxe5 Bc5 6. Qe2 0-0 7. Nxe4 Nxe4 8. Qxe4 Nc6 9. c3 Qh4+ 10. g3 Qe7 11. d4 Bb6 12. Bd3 g6 13. Nxc6 Qxe4+ 14. Bxe4 Re8 15. Ne5 f6 16. Be3 fxe5 17. fxe5 c5 18. 0-0-0 cxd4 19. Bd5+ Kh8 20. Bxd4 Bxd4 21. cxd4 Bf5 22. Bb3 Bg4 23. Rde1 Rad8 24. Re4 Bf3 25. Rhe1 Bxe4 26. Rxe4 Kg7 27. d5 Re7 28. Kd2 Rde8 29. d6 Rd7 30. Ke3 Rdd8 31. Kd4 Rf8 32. Rf4 g5 33. Rxf8 Kxf8 34. Kd5 Kf7 35. e6+ Kf6 36. e7 Rb8 37. Bd1 1-0

[Event "Cologne Longerich op 2nd"]
[White "Wissmann, Sascha"]
[Black "Ljuboschiz, Alexander"]
[Site "Cologne"]
[Round "4"]
[Result "0-1"]
[Date "2003.??.??"]
[WhiteElo "1673"]
[BlackElo "2191"]
[PlyCount "44"]
[EventDate "2003.06.??"]
[EventType "swiss"]
[EventRounds "7"]
[EventCountry "GER"]
[SourceTitle "EXT 2004"]
[Source "ChessBase"]
[SourceDate "2003.11.25"]
[SourceVersion "1"]
[SourceVersionDate "2003.11.25"]
[SourceQuality "1"]

1. e4 e5 2. d4 exd4 3. Qxd4 Nc6 4. Qa4 Nf6 5. Bg5 h6 6. Bh4 Bb4+ 7. Nc3 g5 8. e5 Ne4 9. 0-0-0 Nc5 10. Qb5 Bxc3 11. bxc3 b6 12. Bg3 Ba6 13. Qb2 Bxf1 14. Rxf1 Qe7 15. Nf3 0-0-0 16. Nd4 Nxe5 17. Re1 f6 18. f4 g4 19. Bh4 Qf7 20. Kb1 Rde8 21. Rhf1 Ng6 22. Nf5 Qd5 0-1